| 000 | 00739nam a2200229Ia 4500 | ||
|---|---|---|---|
| 008 | 180523s9999 xx 000 0 und d | ||
| 020 | _a0-8213-5491-4 | ||
| 050 | _aMAIN HC 60 | ||
| 050 | _b.I47 2003 | ||
| 245 | 4 | _aThe Impact of economic policies on poverty and income distribution : | |
| 245 | 0 | _bevaluation techniques and tools / | |
| 245 | 0 | _cFrancois Bourguignon, Luiz A. Pereira da Silva, editors. | |
| 260 | _aWashington D.C. : | ||
| 260 | _bWorld Bank and Oxford University Press, | ||
| 260 | _c2003 | ||
| 300 | _a418 pages : | ||
| 300 | _c24 cm. | ||
| 500 | _aIncludes bibliographical references and index. | ||
| 650 | _aEconomic assistance -- Evaluation. | ||
| 650 | _aIncome distribution. | ||
| 650 | _xPoverty. | ||
| 999 |
_c356795 _d356795 |
||